000 00610nam a22002177a 4500
003 UA-OsUOA
001 88200
007 ta
008 20121002b un ||||| |||| 00| 0 ukr d
090 _a82.09
_bС 47
942 _cBK
040 _aUA-OsUOA
_brus
_cUA-OsUOA
_dUA-OsUOA
245 _aСлаянские литературы: VІІ международный сьезд славистов
300 _a557 с.
955 _a1
041 _arus
080 _a82.09
260 _aМ.
_bНаука
_c1973
650 7 _a82 Література. Літературознавство
_2UDC
999 _c374611
_d374611